000 00402cam a2200181 4500
001 D14472
008 090401t1938 xxu||||| |||| 00| 0 eng d
035 _a(Sirsi) u15921
041 _aeng
100 _aWilliamson, James
245 _aSurveying and field work
250 _a2nd
260 _aLondon
_bConstable
_c1938
350 _a0
520 _aShelf 137
942 _n0
948 _c04/03/1997
999 _c87325
_d87325